000 02460cam a22005774i 4500
003 PE-LiUPU
005 20250731180141.0
008 150706s r 000 0 d
020 _a9972210154
035 _a(Sirsi) i9789972210150
040 _aPE-LiUPU
_bspa
_cPE-LiUPU
_erda
049 _aPRUA
082 0 4 _a507
_bC29
_221
100 1 _aCastañeda, Vicente M.,
_eautor.
245 1 0 _aColoquio internacional: contribución de los humboldtianos a la investigación y el desarrollo en los países andinos: hacia una red interdisciplinaria : anales = Humboldt-kolleg: contribution of humboldtians to research and development in andean countries: towards an interdisciplinary network : proceedings /
_c editado por Vicente M. Castañeda.
264 1 _aLima :
_bUniversidad Alas Peruanas, Escuela de Postgrado,
_c2006.
300 _a620 páginas :
_bilustraciones algunas col., diagrs., mapas, planos ;
_c20 centímetros
336 _atext
_2rdacontent
337 _aunmediated
_2rdamedia
338 _avolume
_2rdacarrier
500 _aReúne las ponencias presentadas durante el coloquio celebrado en Lima, del 8 al 10 de marzo de 2006.
505 0 _aConferencias -- Ponencias.
526 _aSEG44
526 _aSEG26
526 _aP159
526 _aP155
526 _aP154
526 _aP153
526 _aP150
526 _aP100
526 _aP31
526 _aP30
526 _aP26
526 _aP25
526 _aP24
526 _aP22
526 _aP15
526 _aP10
650 0 4 _aCiencia
_zRegión Andina
_vCongresos.
650 0 4 _aInvestigación
_xCoperación internacional
_zRegión Andina
_vCongresos.
700 1 _aCastañeda, Vicente M.,
_d1949-
700 1 _aUniversidad Alas Peruanas. Escuela de Postgrado.
711 _aColoquio Internacional Contribución de los Humboldtianos a la Investigación y el Desarrollo en los Países Andinos.
_d2006
_cLima, Perú.
910 _agl
_bjv
_clch
_d20091124
942 _2ddc
_cBOOK
949 _a507 C29
_wDEWEY
_c1
_i60666
_lCCODEBUL1
_mBUL
_p16.00
_r0
_sY
_tBOOK
_u2015-7-6
_xEDUCACION
_zUNKNOWN
_0COMPRA
_o.STAFF. Colección General
994 _aC0
_bPEPRU
596 _a1
999 _a507 C29
_wDEWEY
_c50077
_i60666
_f2021-11-5
_g5
_lCCODEBUL1
_mBUL
_p16.00
_r0
_sN
_tBOOK
_u2015-7-6
_xBIBLIOTECA
_zUNKNOWN
_0COMPRA
_o.STAFF. Colección General
_d50077
980 _81
_gALBERTO SANCHEZ Responsable de Automatización